000 00423pab a2200169 454500
008 180718b1962 xxu||||| |||| 00| 0 eng d
100 _aSivaraman, B.
245 _aThe collector and Panchayati Raj
260 _c1962
300 _ap.489-499.
362 _aOct-Dec
650 _aPanchayat
650 _aDistrict administration
773 _aIndian Journal of Public Administration
908 _aN
909 _a100437
999 _c100436
_d100436